Znižovanie nadmernej telesnej hmotnosti pohybovou aktivitou

Podrobná bibliografia
Hlavní autori: Hrčka, Jozef, 1996- (Autor), Beňačka, Jozef, 1955- (Autor)
Médium: Kniha
Jazyk:slovenčina
Fyzický popis:36 s. ilustr., tab. 21 cm
Vydavateľské údaje: Trnava Univerzita sv. Cyrila a Metoda 2014
ISBN:9788081055614
Vydanie:1. vyd.
Predmet:

MARC

LEADER 00000cam a2200000 a 4500
001 vtls010608021
003 SK-MaSNL
005 20260301034848.0
008 240318p2014 xo a g n 000 0 slo
015 |a SNBA2014/09 
020 |a 9788081055614  |q (brož.) 
035 |a 04F97AEC-0239-4F38-AD76-20D4E6E3D0E5 
035 |a urn:nbn:sk:snk-amkcqi 
035 |a urn:nbn:sk:snk-am003dmq 
040 |a SNK  |b slo  |c SNK  |e AACR2 
041 0 |a slo 
044 |a xo  |c SK 
072 7 |a 613  |x Hygiena. Ľudské zdravie  |2 konspekt 
080 |a 615.874.24  |2 2001 
080 |a 613.71/.73  |2 2001 
080 |a (035)  |2 2001 
080 |a 613.24  |2 2001 
100 1 |a Hrčka, Jozef,  |d 1996-  |4 aut  |9 336463 
245 1 0 |a Znižovanie nadmernej telesnej hmotnosti pohybovou aktivitou  |c Jozef Hrčka, Jozef Beňačka 
250 |a 1. vyd. 
260 |a Trnava  |b Univerzita sv. Cyrila a Metoda  |c 2014 
300 |a 36 s.  |b ilustr., tab.  |c 21 cm 
500 |a Náz. z obalu 
504 |a Bibliogr.: s. 36 
650 0 7 |a redukcia telesnej hmotnosti  |2 SNKPH  |9 66799 
650 0 7 |a Weight loss  |2 SNKPHeng  |9 311883 
650 0 7 |a pohybová aktivita  |2 SNKPH  |9 3607 
650 0 7 |a Movement activity  |2 SNKPHeng  |9 312821 
650 0 7 |a redukčné diéty  |2 SNKPH  |9 1801 
650 0 7 |a Reducing diets  |2 SNKPHeng  |9 312233 
655 7 |a príručky  |2 SNKPH  |9 74364 
655 7 |a Handbooks, manuals, etc.  |2 SNKPHeng  |9 90964 
700 1 |a Beňačka, Jozef,  |d 1955-  |4 aut  |9 203722 
852 |a Štátna vedecká knižnica v Banskej Bystrici 
919 |a 978-80-8105-561-4 
958 |a NB 
999 |c 582735  |d 584665 
952 |a SNK  |b SNK  |y PREZ  |7 0  |p 17A1113770  |o snkSC 160376  |i snk2014/15799  |8 0  |0 0  |1 0  |4 0  |d 2014-07-22  |f 1  |l 0  |r 2025-08-22 00:00:00  |w 2026-02-23 
952 |a SNK  |b SNK  |y VYP  |7 0  |p 17A1113769  |o snkSC 160376 D1  |i snk2014/15800  |8 0  |0 0  |1 0  |4 0  |d 2014-07-22  |l 0  |r 2026-02-23 14:57:38  |w 2026-02-23